| 000 | 01446cam a22003977a 4500 | ||
|---|---|---|---|
| 003 | CHAP | ||
| 005 | 20220329142750.0 | ||
| 008 | 030729d2003 mx a r 00110 spa d | ||
| 010 | _a87459 | ||
| 011 | _a88431 | ||
| 035 | _a98976 | ||
| 040 | _cCHAP | ||
| 090 | _aTesis | ||
| 100 | 0 | 0 |
_aOrtega Villatoro, Cruz Marina. _983895 |
| 245 | 1 | 0 |
_aProducción orgánica de jitomates silvestres y domesticados (Lycopersicon spp.) en invernadero, Chapingo, México _c/por Cruz Marina Ortega Villatoro |
| 260 |
_aChapingo, Méx. : _bEl autor, _c2003. |
||
| 300 |
_a91 h. ; _bilus. ; gráfs. |
||
| 502 | _aTesis (M.C. en horticultura) -- UACH. Departamento de Fitotecnia | ||
| 590 |
_aALEPH _b10 _c20130110 _lUCH01 _h1454 |
||
| 590 |
_aBATCH-UPD _b10 _c20130110 _lUCH01 _h0404 |
||
| 590 |
_aBATCH-UPD _b10 _c20130110 _lUCH01 _h1954 |
||
| 590 |
_aBATCH-UPD _b10 _c20130410 _lUCH01 _h0038 |
||
| 590 |
_aBATCH-UPD _b10 _c20130914 _lUCH01 _h1130 |
||
| 590 |
_aCONVERSION _b10 _c20130109 _lUCH01 _h1348 |
||
| 650 | 1 | 4 |
_aCultivos en invernadero. _930376 |
| 650 | 1 | 4 |
_aLombrices como compost. _967519 |
| 650 | 1 | 4 |
_aSustratos. _9110789 |
| 650 | 1 | 4 |
_aTomate orgánico. _9113795 |
| 650 | 1 | 4 |
_aTomate _xGenética. _9113726 |
| 650 | 1 | 4 |
_aTomate _xPropagación. _9113758 |
| 901 | _aBK | ||
| 905 | _aMayto Villalobos S. | ||
| 942 | _cFOLL | ||
| 949 |
_aTesis _bBC _cTES _d33724000898821 _eTS2 _fc.2 _h41118 _i98976 _si |
||
| 949 |
_aTesis _bBC _cTES _d98976123 _eTS1 _h41117 _i98976 _sb |
||
| 999 |
_c87459 _d87459 |
||